000 00307nam a22001337a 4500
008 190205b xxu||||| |||| 00| 0 eng d
020 _a0137379579
041 _aeng
080 _a321
100 _a19
101 _aSHP
245 _aAn Introduction to Public Policy Analysis
_cDunnn W.N
942 _2udc
_cBK
999 _c54028
_d54028